000 00281nam a22001217a 4500
008 181023b xxu||||| |||| 00| 0 eng d
041 _aeng
080 _25 ed
_a311
100 _a55
101 _aSTA
245 _aElement Of Ststisticsl Inference
_cDavid.H.V
942 _2udc
_cBK
999 _c50751
_d50751